000 00393nam a2200169Ia 4500
001 30981
003 IN-NITTTR
005 20251114233417.0
008 251113s9999||||xx |||||||||||||| ||eng||
040 _beng
040 _cIN-NITTTR
041 _aeng
082 _a006.6 G646D
100 _aGopi, E. S.
245 0 _aDigital image processing using Matlab /
_cGopi, E. S.
942 _2ddc
_cBK
999 _c33611
_d33611